书目信息 |
| 题名: |
民间文艺集刊
|
|
| 作者: | ;中国民间文艺研究会上海分会 编 | |
| 分册: | 第五集 | |
| 出版信息: | 上海 上海文艺出版社 1984.02 |
|
| 页数: | 328页 | |
| 开本: | 20cm | |
| 丛书名: | ||
| 单 册: | ||
| 中图分类: | I106.7 | |
| 科图分类: | ||
| 主题词: | 文学研究-民间文学--世界 , 民间文学-文学研究--世界 | |
| 电子资源: | ||
| ISBN: | ||
| 000 | 00774nam0 2200253 45 | |
| 001 | 0186005517 | |
| 005 | 20040426163104.3 | |
| 010 | @dCNY1.10 | |
| 091 | @aCN@b10078.3463(5) | |
| 100 | @a19950628f19861981em y0chiy0121 ea | |
| 101 | 0 | @achi |
| 102 | @aCN@b310000 | |
| 105 | @ay z 000zy | |
| 106 | @ar | |
| 200 | 10 | @a民间文艺集刊@h第五集@Amin jian wen yi ji kan@f中国民间文艺研究会上海分会编 |
| 210 | @a上海@c上海文艺出版社@d1984.02 | |
| 215 | @a328页@d20cm | |
| 606 | @a文学研究-民间文学@y世界 | |
| 606 | @a民间文学-文学研究@y世界 | |
| 690 | @aI106.7@v3 | |
| 711 | 02 | @a中国民间文艺研究会上海分会@Azhong guo min jian wen yi yan jiu hui shang hai fen hui@4编 |
| 801 | 0 | @aCN@b上海图书馆@c20040426 |
| 801 | 2 | @aCN@bNLC@c20040426 |
| 905 | @f1@b175374@dI106.7@e13:5 | |
| 民间文艺集刊.第五集/中国民间文艺研究会上海分会编.-上海:上海文艺出版社,1984.02 |
| 328页;20cm |
| ISBN :CNY1.10 |
| ● |
| 相关链接 |
|
|
|
|
正题名:民间文艺集刊
索取号:I106.7/13:5
 
预约/预借
| 序号 | 登录号 | 条形码 | 馆藏地/架位号 | 状态 | 备注 |
| 1 | 0175374 | 000216992 | 第二借阅区/ [索取号:I106.7/13:5] | 在馆 | |
| 2 | 0175375 | 000217900 | 第一样本阅览室/ [索取号:I106.7/13:5] | 在馆 |